LEADER 01261nam a2200289 4500 001 000000340142 003 CaOOAMICUS 005 20200424144710.0 006 a 000 u 008 200424s1969 vc 001 u ita r 040 $aSeMil$bita 245 10$aCentenario del Concilio Vaticano primo :$bcommemorazione ufficiale. 264 1$a[S.l.] :$bTipografia Poliglotta Vaticana,$c1969. 300 $a43 p. ;$c27 cm 650 4$aConcilio Vaticano I <1869-1870>.$0(OLS)http://semarc/subject/1023 650 4$aPaolo VI - Scritti, discorsi, omelie, lettere pastorali, etc.$0(OLS)http://semarc/subject/499 700 0 $aPaulus VI,$c.$0(OLS)http://semarc/name/803 850 $aSeMil 852 $aSeMil$W1$xVenegono$y1$m3GC VIII 256/13$j220981$B231275$CSeMilBibl$Z2$F231275 $8B 900 1 $aMontini, Giovanni Battista,$d<1897-1978>. 900 0 $aPaolo VI$c. 961 $aFondo Card. Giovanni Colombo 996 $6245$aCentenario del Concilio Vaticano primo :$bcommemorazione ufficiale$9(OLS)http://semarc/title/429113 996 $6264$a[S.l.] :$bTipografia Poliglotta Vaticana$9(OLS)http://semarc/publisher/31870 LEADER 00904nam a2200217 i 4500 001 000000013162 003 CaOOAMICUS 005 20191122125751.0 008 180830s1989 it u000 u ita u 040 $aSeMil$bita 245 13$aLe mille e una notte /$ctesto stabilito sui manoscritti originali da René R. Khawam. 260 $aMilano :$bRizzoli,$c1989. 300 $a2 v. ;$c20 cm. 500 $aIn cofanetto. 700 1 $aKhawam, René R.$0(OLS)http://semarc/name/6280 774 0 $tIllustri dame e galanti servitori cuori disumani.$kClassici Rizzoli$z88-17-18702-X$w()136138 774 0 $tPassioni vagabonde, il gusto dei giorni.$kClassici Rizzoli$z88-17-18704-5$w()136142 830 0$aClassici Rizzoli.$0(OLS)http://semarc/title/13402 996 $6245$aLe mille e una notte$9(OLS)http://semarc/title/17530 996 $6260$aMilano :$bRizzoli$9(OLS)http://semarc/publisher/29824